Strategy and capability : sustaining organizational change /

Bibliographic Details
Main Author: Salaman, Graeme
Other Authors: Asch, David, 1948-
Format: Book
Language:English
Published: Malden, MA : Blackwell Pub., 2003.
Series:Management, organizations, and business series.
Subjects:

MARC

Tag First Indicator Second Indicator Subfields
LEADER 00000pam a22000004a 4500
001 in00001745708
005 20151025070002.0
008 020701s2003 maua b 001 0 eng
010 |a  2002010323 
020 |a 0631228454 (hbk : alk. paper) 
020 |a 0631228462 (pbk : alk. paper) 
035 |a (OCoLC)ocm50123468 
040 |a DLC  |c DLC  |d YDX  |d TXA  |d UtOrBLW 
042 |a pcc 
049 |a TXAM 
050 0 0 |a HD58.8  |b .S253 2003 
082 0 0 |a 658.1/6  |2 21 
100 1 |a Salaman, Graeme. 
245 1 0 |a Strategy and capability :  |b sustaining organizational change /  |c Graeme Salaman and David Asch. 
264 1 |a Malden, MA :  |b Blackwell Pub.,  |c 2003. 
300 |a xv, 201 pages :  |b illustrations ;  |c 26 cm. 
336 |a text  |b txt  |2 rdacontent 
337 |a unmediated  |b n  |2 rdamedia 
338 |a volume  |b nc  |2 rdacarrier 
490 1 |a Management, organizations, and business series 
504 |a Includes bibliographical references (pages 186-196) and index. 
650 0 |a Organizational change. 
650 0 |a Strategic planning. 
650 0 |a Organizational effectiveness. 
700 1 |a Asch, David,  |d 1948- 
830 0 |a Management, organizations, and business series. 
994 |a E0  |b TXA 
948 |a cataloged  |b h  |c 2003/5/24  |d c  |e bwalker  |f 1:41:12 pm 
999 |a MARS 
999 f f |s b31b41e0-490b-3831-aabb-4a35f5dc38be  |i c214e458-5388-37c7-9d2d-3a26a4480167  |t 0 
952 f f |p ric  |a Texas A&M University  |b Rellis Campus  |c Joint Library Facility  |d Remote Storage  |t 0  |e HD58.8 .S253 2003  |h Library of Congress classification  |i unmediated -- volume  |m A14830087788 
998 f f |a HD58.8 .S253 2003  |t 0  |l Remote Storage